| 000 | 01139nam a2200301 a 4500 | ||
|---|---|---|---|
| 001 | 9560 | ||
| 003 | CO-ViMGA | ||
| 005 | 20260216144542.0 | ||
| 008 | 090207s2008 ck a jr 0001f spa d | ||
| 020 | _a9789588293295 | ||
| 040 |
_aCO-ViMGA _bspa _cCO-ViMGA |
||
| 041 | 1 | _heng | |
| 100 | 1 | 0 |
_aMcAllister, M. I. _d1956- _92089 |
| 245 | 1 | 0 |
_aCrónicas de mistmantle/ Urchin la piedra de corazón (libro II) _b _cM. I. McAllister ; traduccion del ingel Helena Salazar ; ilustraciones Ivǹ Chacn̤. |
| 250 | _a1a. edicin̤ | ||
| 300 |
_a284 pg̀inas _bilustraciones _c24 cm. |
||
| 490 | _aCrn̤icas de Mistmantle ; 2 | ||
| 490 | _aVillegas fantasia | ||
| 534 | _tThe Mistmantle Chronicles, book two, Urchin and the heartstone. | ||
| 650 | 1 | 4 |
_aArdillas en la literatura _2LEMB _92083 |
| 650 | 1 | 4 |
_aHistorias de aventuras _2LEMB _9870 |
| 650 | 1 | 4 |
_aIslas en la literatura _2LEMB _92087 |
| 650 | 1 | 4 |
_aLiteratura juvenil estadounidense _ySiglo XX _2LEMB _92082 |
| 650 | 1 | 4 |
_aNovela juvenil estadounidense _2LEMB _ySiglo XX _92081 |
| 700 | 1 | 0 |
_aChacon, Ivan _eilustrador _92085 |
| 700 | 1 | 0 |
_aSalazar, Helena _etraductor _92084 |
| 942 |
_2ddc _cBK |
||
| 999 |
_c9560 _d9560 |
||